| 000 | 00591nam a22001697a 4500 | ||
|---|---|---|---|
| 020 | _qHBK | ||
| 082 | _a330 | ||
| 100 | _aGul, Tayyaba | ||
| 245 |
_aImpact of Social Infrastructure on Economic Growth A longitudinal sectional analysis of 127 countries _cTayyaba Gul. |
||
| 260 |
_aIslamabad: _bS3H - NUST, _c2013. |
||
| 300 |
_a57 p. : ill. ; _c30cm. |
||
| 650 |
_aEconomics - MS Thesis. _917366 |
||
| 700 |
_aDr. Ather Maqsood Ahmed. _917367 |
||
| 856 | _uhttp://10.250.8.41:8080/xmlui/handle/123456789/30221 | ||
| 942 |
_2ddc _cTHE |
||
| 999 |
_c527490 _d527490 |
||